000 00663nam a2200229Ia 4500
003 OSt
005 20240322102204.0
008 210210b2017 xxu||||| |||| 00| 0 eng d
020 _a9789382159933
040 _cAL
041 _aHindi
082 _aH491.072 KAMS
100 _aKAMSAL (Sarojni)
_dसरोजिनी कंसल
_9156226
245 _aShodh evam PHD kaise kare? Bhag 3
_b शोध एवं पि एच डी कैसे करे ? भाग 3
260 _aJaipur
_b-
_c2017
300 _avi,248
440 _a3
_9156227
650 _aresearch
_9156229
690 _aHindi Language
_9156238
906 _a071763
942 _2ddc
_cBK
999 _c121462
_d121462